000
00195nam a22000977a 4500
999
_c
530784
_d
530784
040
_c
DLC
082
_a
891.4397
_b
SHA
100
_a
Shafique Rehman
_9
23875
245
_a
Dareeche
942
_2
ddc
_c
BK